| 000 -LEADER |
| fixed length control field |
00411nam a22000977a 4500 |
| 082 ## - DEWEY DECIMAL CLASSIFICATION NUMBER |
| Classification number |
Zx5465 An23/1980-81 |
| 100 ## - MAIN ENTRY--PERSONAL NAME |
| Personal name |
Andaman and Nicobar. Agricultural Census Cell. Statistical Bureau |
| 9 (RLIN) |
3824 |
| 245 ## - TITLE STATEMENT |
| Title |
Report on Agricultural census, 1980-81 and input survey, 1981-82 |
| Statement of responsibility, etc |
by Statistical Bureau Agricultural Census Cell. |
| 260 ## - PUBLICATION, DISTRIBUTION, ETC. (IMPRINT) |
| Place of publication, distribution, etc |
Andaman and Nicobar |
| Name of publisher, distributor, etc |
Government of Andaman and Nicobar |
| Date of publication, distribution, etc |
1982 |
| 300 ## - PHYSICAL DESCRIPTION |
| Extent |
422p. |